| 000 | 00685nmc a2200277 a 4500 | ||
|---|---|---|---|
| 003 | AR-BaBNM | ||
| 005 | 20251128211650.0 | ||
| 008 | 045020s1999 ||||||||||||||000 | spa|| | ||
| 020 | _a950-07-1306-3 | ||
| 040 | _cAR-BaBNM | ||
| 100 | 1 | _aCabal, Graciela | |
| 245 | 1 | 0 | _aSan Francisco, el del violín |
| 250 | _a2ª ed. | ||
| 260 |
_aBuenos Aires _bSudamericana _c1999 |
||
| 300 | 0 |
_a62 p. _bil. |
|
| 490 | 0 | _aCuentamérica | |
| 600 | 0 | 4 |
_aFrancisco _d1182-1226 |
| 650 | 4 | _aLITERATURA INFANTIL | |
| 650 | 4 | _aLITERATURA ARGENTINA | |
| 650 | 4 | _aLEYENDAS | |
| 650 | 4 | _aSANTOS | |
| 655 | _aLITERATURA | ||
| 700 | 0 |
_aPez _eilustrador |
|
| 942 | _cBK | ||
| 998 | _cme-solo cat | ||
| 999 |
_c20627 _d20627 |
||